00866cam a22002534a 4500001000500000005001700005020002200022040001800044050002300062082001400085100001900099245004100118260003400159300002300193490004000216505000600256520021800262521001800480521001800498650002300516650002500539650002700564650002100591243920231208141810.0 a0439395623 (pbk.) aOCOcOCOdDLC00aPZ7.W539bBar 200400a[Fic]2221 aWeyn, Suzanne.14aThe bar code tattoo /cSuzanne Weyn. aNew York :bScholastic,c2004 a252 pages ;c18 cm 3The Bar Code Tattoo TrilogyaBook 1 aM aThings for Kayla progress from bad, as in being told her computer grades disqualify her from an art scholarship, to worse, when she refuses to accept an identification bar code tattoo on her seventeenth birthday.  a720 bLexile aM bRaz-Plus 1aIdentityvFiction. 1aConformityvFiction. 1aHigh schoolsvFiction. 1aScience fiction.